[Event "Bad Frankenhausen op 2nd"]
[Site "Bad Frankenhausen"]
[Date "2008.07.09"]
[Round "5"]
[White "Dorawa, Bernhard"]
[Black "Bergmann, Hans Dieter"]
[Result "1-0"]
[WhiteElo "2053"]
[BlackElo "1688"]
[PlyCount "75"]
[EventDate "2008.07.05"]
[EventType "swiss"]
[EventRounds "7"]
[EventCountry "GER"]
[SourceTitle "EXT 2009"]
[Source "ChessBase"]
[SourceDate "2008.11.26"]
[SourceVersion "1"]
[SourceVersionDate "2008.11.26"]
[SourceQuality "1"]

1. e4 c5 2. Nc3 Nc6 3. g3 d6 4. Bg2 Bd7 5. d3 g6 6. f4 Bg7 7. Nf3 e6 8. 0-0 Nge7 9. Be3 Qb6 10. Qc1 Nd4 11. Nd2 d5 12. Re1 dxe4 13. Ncxe4 Nef5 14. Bf2 0-0 15. c3 Rfc8 16. cxd4 cxd4 17. Nc4 Qa6 18. Qd2 Rab8 19. Qa5 Qxa5 20. Nxa5 Rc2 21. Rab1 Ne3 22. Rec1 Rbc8 23. Rxc2 Rxc2 24. Nc4 Nxc4 25. dxc4 Rxc4 26. Bf1 Rb4 27. Bd3 Bc6 28. b3 a6 29. Be1 Rb6 30. Ba5 Bxe4 31. Bxe4 Rb5 32. Bd2 f6 33. Rc1 f5 34. Bd3 Rd5 35. Rc8+ Kf7 36. Rc7+ Kg8 37. Rxb7 a5 38. Rb5 1-0

[Event "Bad Frankenhausen op 2nd"]
[Site "Bad Frankenhausen"]
[Date "2008.07.06"]
[Round "2"]
[White "Haase, Reinhard"]
[Black "Dorawa, Bernhard"]
[Result "1-0"]
[WhiteElo "2162"]
[BlackElo "2053"]
[PlyCount "89"]
[EventDate "2008.07.05"]
[EventType "swiss"]
[EventRounds "7"]
[EventCountry "GER"]
[SourceTitle "EXT 2009"]
[Source "ChessBase"]
[SourceDate "2008.11.26"]
[SourceVersion "1"]
[SourceVersionDate "2008.11.26"]
[SourceQuality "1"]

1. Nf3 Nf6 2. c4 c5 3. d4 cxd4 4. Nxd4 Nc6 5. Nc3 g6 6. g3 Bg7 7. Bg2 0-0 8. 0-0 Qb6 9. Nb3 d6 10. Bg5 Be6 11. Nd5 Bxd5 12. cxd5 Na5 13. Be3 Qd8 14. Rc1 Ng4 15. Bd4 Nxb3 16. axb3 Nf6 17. Rc4 Nd7 18. Bxg7 Kxg7 19. Qd2 h6 20. Rfc1 b5 21. Rc6 Kh7 22. Bh3 Nc5 23. Qe3 a5 24. Rd1 f5 25. Rd4 g5 26. f4 g4 27. Bg2 b4 28. Rc4 Qd7 29. Kf2 Rab8 30. Rc1 h5 31. Rh1 Rh8 32. h3 Kg8 33. hxg4 fxg4 34. Be4 Kf7 35. Bc2 Rbg8 36. Qd4 Rg7 37. Qc4 Rh6 38. Kg2 Rh8 39. Qb5 Qa7 40. Bf5 Rh6 41. Rc8 Rg8 42. Rxg8 Kxg8 43. Qe8+ Kg7 44. Rxh5 Qb7 45. Rg5+ 1-0

[Event "Bad Frankenhausen op 2nd"]
[Site "Bad Frankenhausen"]
[Date "2008.07.05"]
[Round "1"]
[White "Dorawa, Bernhard"]
[Black "Rosinus, Karl"]
[Result "1-0"]
[WhiteElo "2053"]
[BlackElo "1625"]
[PlyCount "35"]
[EventDate "2008.07.05"]
[EventType "swiss"]
[EventRounds "7"]
[EventCountry "GER"]
[SourceTitle "EXT 2009"]
[Source "ChessBase"]
[SourceDate "2008.11.26"]
[SourceVersion "1"]
[SourceVersionDate "2008.11.26"]
[SourceQuality "1"]

1. e4 Nc6 2. Nf3 e5 3. Bb5 Nd4 4. Bc4 Nxf3+ 5. Qxf3 Qf6 6. Qe2 Bc5 7. Nc3 c6 8. 0-0 b5 9. Bb3 a5 10. a4 b4 11. Nd1 Ba6 12. d3 Ne7 13. Be3 Bxe3 14. fxe3 Qd6 15. Bxf7+ Kd8 16. Nf2 Kc7 17. Nh3 b3 18. Bxb3 1-0

[Event "Sachsen-ch Seniors"]
[Site "Dresden"]
[Date "2007.08.??"]
[Round "5"]
[White "Dorawa, Bernhard"]
[Black "Blab, Ludwig"]
[Result "1/2-1/2"]
[WhiteElo "2046"]
[BlackElo "2146"]
[PlyCount "119"]
[EventDate "2007.07.28"]
[EventType "swiss"]
[EventRounds "9"]
[EventCountry "GER"]
[SourceTitle "EXT 2008"]
[Source "ChessBase"]
[SourceDate "2007.11.25"]
[SourceVersion "1"]
[SourceVersionDate "2007.11.25"]
[SourceQuality "1"]

1. e4 e6 2. d4 d5 3. Nc3 Bb4 4. e5 c5 5. a3 Ba5 6. Bd2 cxd4 7. Nb5 Bc7 8. f4 Nc6 9. Nf3 Nge7 10. Nbxd4 0-0 11. Bd3 Nf5 12. c3 f6 13. Nxf5 exf5 14. exf6 Re8+ 15. Be2 Qxf6 16. 0-0 Kh8 17. Bd3 Bd7 18. Qc2 Rad8 19. Rae1 Bb6+ 20. Kh1 h6 21. h3 g6 22. Rxe8+ Bxe8 23. Re1 Bf7 24. Re2 Kg8 25. Ne5 Be8 26. Be3 Bc7 27. Bd4 Nxd4 28. cxd4 Bb6 29. Qc3 Bc6 30. g3 Rd6 31. b4 a6 32. Kh2 Re6 33. Nf3 Rxe2+ 34. Bxe2 g5 35. Qe3 Bd8 36. Ne5 Qe6 37. Bd3 Bf6 38. Qf3 Bxe5 39. fxe5 Bd7 40. Be2 Qc6 41. Qd3 Qc1 42. Bf3 Be6 43. Kg2 Kg7 44. Kf2 b5 45. Qe3 Qc2+ 46. Qe2 Qc3 47. Qe3 Qb2+ 48. Kg1 Kg6 49. Qd3 Kg7 50. Bd1 Qc1 51. Kf2 Qb2+ 52. Bc2 h5 53. g4 hxg4 54. hxg4 fxg4 55. Qg6+ Kf8 56. Qf6+ Bf7 57. Qd8+ Be8 58. Qf6+ Bf7 59. Qd8+ Be8 60. Qf6+ 1/2-1/2

[Event "EU-chT Seniors 09th"]
[Site "Dresden"]
[Date "2007.02.24"]
[Round "9"]
[White "Dorawa, Bernhard"]
[Black "Birkestrand, Odd Helge"]
[Result "1/2-1/2"]
[WhiteElo "2070"]
[BlackElo "1848"]
[PlyCount "97"]
[EventDate "2007.02.16"]
[EventType "team-swiss"]
[EventRounds "9"]
[EventCountry "GER"]
[SourceTitle "CBM 117 Extra"]
[Source "ChessBase"]
[SourceDate "2007.05.09"]
[SourceVersion "1"]
[SourceVersionDate "2007.05.09"]
[SourceQuality "1"]

1. e4 e5 2. Nf3 Nc6 3. Bb5 d6 4. 0-0 Bd7 5. c3 Nf6 6. Re1 Be7 7. d4 0-0 8. d5 Nb8 9. Bd3 Bg4 10. h3 Bh5 11. Nbd2 h6 12. Nf1 Nh7 13. Ng3 Bg6 14. Qb3 b6 15. Qc2 Nd7 16. b4 Ng5 17. Nh2 Nh7 18. Bb5 Bg5 19. Bc6 Rb8 20. Qa4 Bxc1 21. Raxc1 Ndf6 22. Qxa7 h5 23. f3 h4 24. Ngf1 Nh5 25. Qa4 Nf4 26. Qc2 Qg5 27. Kh1 f5 28. Ne3 fxe4 29. fxe4 Bh5 30. a4 Rf7 31. a5 Rbf8 32. Neg4 Bxg4 33. Nxg4 Nf6 34. Nxf6+ Rxf6 35. Qd2 Qg6 36. Bd7 bxa5 37. bxa5 Nh5 38. Bg4 Ng3+ 39. Kh2 Nf1+ 40. Rxf1 Rxf1 41. Rxf1 Rxf1 42. Qe2 Qf6 43. Bf5 Rb1 44. Qa2 Rb8 45. a6 Qg5 46. a7 Qf4+ 47. Kh1 Qf1+ 48. Kh2 Qf4+ 49. Kh1 1/2-1/2

[Event "EU-chT Seniors 09th"]
[Site "Dresden"]
[Date "2007.02.22"]
[Round "7"]
[White "Dorawa, Bernhard"]
[Black "Denda, Ronald"]
[Result "1/2-1/2"]
[WhiteElo "2070"]
[BlackElo "2053"]
[PlyCount "34"]
[EventDate "2007.02.16"]
[EventType "team-swiss"]
[EventRounds "9"]
[EventCountry "GER"]
[SourceTitle "CBM 117 Extra"]
[Source "ChessBase"]
[SourceDate "2007.05.09"]
[SourceVersion "1"]
[SourceVersionDate "2007.05.09"]
[SourceQuality "1"]

1. e4 e5 2. Nf3 Nc6 3. Bb5 Nf6 4. Qe2 d6 5. c3 Bd7 6. d4 Qe7 7. d5 Nb8 8. Bd3 h6 9. Na3 a5 10. Nc4 g6 11. a4 Bg7 12. 0-0 0-0 13. Ne1 Kh7 14. Bc2 Bc8 15. b4 b6 16. bxa5 bxa5 17. Bd3 Nbd7 1/2-1/2

[Event "EU-chT Seniors 09th"]
[Site "Dresden"]
[Date "2007.02.19"]
[Round "4"]
[White "Dorawa, Bernhard"]
[Black "Nordby, Berndt"]
[Result "1/2-1/2"]
[WhiteElo "2070"]
[BlackElo "2225"]
[PlyCount "85"]
[EventDate "2007.02.16"]
[EventType "team-swiss"]
[EventRounds "9"]
[EventCountry "GER"]
[SourceTitle "CBM 117 Extra"]
[Source "ChessBase"]
[SourceDate "2007.05.09"]
[SourceVersion "1"]
[SourceVersionDate "2007.05.09"]
[SourceQuality "1"]

1. e4 e6 2. d4 d5 3. Nc3 Bb4 4. e5 Qd7 5. Bd2 b6 6. Qg4 f5 7. Qh5+ g6 8. Qf3 Ba6 9. Bxa6 Nxa6 10. Qd3 Nb8 11. h4 h6 12. a3 Bf8 13. Qg3 Ne7 14. Nce2 c5 15. dxc5 bxc5 16. f4 h5 17. Nh3 Nbc6 18. 0-0 Bh6 19. Rfd1 0-0 20. Qc3 Rfc8 21. Nf2 Bf8 22. Nd3 d4 23. Qc4 Nd5 24. Nxc5 Bxc5 25. Qxc5 Ncb4 26. axb4 Rxc5 27. bxc5 Qb5 28. Nxd4 Qxc5 29. c3 Rb8 30. Ra2 Nb4 31. Ra4 Nc2 32. Kh2 Nxd4 33. Rxd4 a5 34. Be3 Qc6 35. Rd8+ Rxd8 36. Rxd8+ Kf7 37. Rd4 a4 38. Bd2 Qb5 39. Rb4 Qd3 40. Rd4 Qc2 41. Be1 Qc1 42. Bg3 Qxb2 43. Rxa4 1/2-1/2

[Event "Gotha op 8th"]
[Site "Gotha"]
[Date "2006.11.16"]
[Round "7"]
[White "Dorawa, Bernhard"]
[Black "Witt, Ronald"]
[Result "1/2-1/2"]
[WhiteElo "2096"]
[BlackElo "2057"]
[PlyCount "65"]
[EventDate "2006.11.13"]
[EventType "swiss"]
[EventRounds "9"]
[EventCountry "GER"]
[SourceTitle "EXT 2008"]
[Source "ChessBase"]
[SourceDate "2007.11.25"]
[SourceVersion "1"]
[SourceVersionDate "2007.11.25"]
[SourceQuality "1"]

1. Nf3 d5 2. d4 c6 3. e3 Bf5 4. Bd3 Bxd3 5. Qxd3 e6 6. 0-0 Nd7 7. e4 dxe4 8. Qxe4 Ngf6 9. Qe2 Be7 10. c4 0-0 11. Nc3 Re8 12. Bf4 Nf8 13. Rad1 Ng6 14. Bg3 Bd6 15. Ne5 Qc7 16. Rd3 Bxe5 17. Bxe5 Nxe5 18. Qxe5 Qe7 19. Rg3 g6 20. Re1 Rad8 21. h4 Nd7 22. Qf4 Qf6 23. Rf3 Qxf4 24. Rxf4 f5 25. b3 e5 26. dxe5 Rxe5 27. Rd1 Re7 28. Rfd4 Kf7 29. Na4 b6 30. Rd6 Ke8 31. Kf1 Rc8 32. Nc3 Nc5 33. Re1 1/2-1/2

[Event "Gotha op 8th"]
[Site "Gotha"]
[Date "2006.11.15"]
[Round "6"]
[White "Baumert, Andre"]
[Black "Dorawa, Bernhard"]
[Result "1/2-1/2"]
[WhiteElo "1908"]
[BlackElo "2096"]
[PlyCount "105"]
[EventDate "2006.11.13"]
[EventType "swiss"]
[EventRounds "9"]
[EventCountry "GER"]
[SourceTitle "EXT 2008"]
[Source "ChessBase"]
[SourceDate "2007.11.25"]
[SourceVersion "1"]
[SourceVersionDate "2007.11.25"]
[SourceQuality "1"]

1. Nf3 Nf6 2. c4 e6 3. b3 d5 4. cxd5 exd5 5. Bb2 Bd6 6. e3 Qe7 7. Qc2 0-0 8. Be2 Bg4 9. 0-0 Nbd7 10. d3 Rfe8 11. Nbd2 h6 12. Nd4 Bxe2 13. Nxe2 c6 14. Nf3 Ne5 15. Ned4 Nxf3+ 16. Nxf3 Rac8 17. Bxf6 Qxf6 18. d4 Re6 19. Qd3 Rce8 20. a3 Qe7 21. b4 g6 22. Rfc1 a6 23. Rab1 Kg7 24. Qb3 f5 25. g3 g5 26. Kh1 Rg6 27. Qd3 Qe4 28. Qxe4 fxe4 29. Nd2 Rf8 30. Kg2 Rgf6 31. Rf1 g4 32. a4 h5 33. b5 cxb5 34. axb5 a5 35. Rbc1 R8f7 36. Nb3 b6 37. Rc6 a4 38. Na1 Bb4 39. Rxf6 Rxf6 40. Nc2 Bc3 41. Na3 Bb2 42. Nc2 a3 43. Nb4 Kf7 44. Re1 Ke6 45. Re2 Kf5 46. Rc2 Rd6 47. Rc8 Rd7 48. Rc6 Ra7 49. Rxb6 a2 50. Nxa2 Rxa2 51. Ra6 Ba3 52. b6 Rb2 53. Rxa3 1/2-1/2

[Event "Gotha op 8th"]
[Site "Gotha"]
[Date "2006.11.14"]
[Round "4"]
[White "Schumacher, Klaus"]
[Black "Dorawa, Bernhard"]
[Result "0-1"]
[WhiteElo "1930"]
[BlackElo "2096"]
[PlyCount "84"]
[EventDate "2006.11.13"]
[EventType "swiss"]
[EventRounds "9"]
[EventCountry "GER"]
[SourceTitle "EXT 2008"]
[Source "ChessBase"]
[SourceDate "2007.11.25"]
[SourceVersion "1"]
[SourceVersionDate "2007.11.25"]
[SourceQuality "1"]

1. e4 c5 2. d4 cxd4 3. Nf3 e5 4. c3 dxc3 5. Nxc3 Nc6 6. Bc4 d6 7. Ng5 Nh6 8. Qd5 Qe7 9. f4 f6 10. Nf3 Nf7 11. 0-0 Nfd8 12. f5 b6 13. Rd1 Bb7 14. Nb5 Nd4 15. Nbxd4 Bxd5 16. Bb5+ Kf7 17. exd5 exd4 18. Re1 Qb7 19. Be8+ Kg8 20. Nxd4 Qxd5 21. Be3 Rc8 22. Ba4 Nf7 23. Bb3 Qb7 24. Be6 Re8 25. Bf4 g5 26. Bg3 Kg7 27. Rec1 Ne5 28. Nb5 Kh6 29. Rc7 Qe4 30. Rxa7 d5 31. Nc3 Bc5+ 32. Kh1 Qc2 33. Nxd5 Qxb2 34. Rf1 Ra8 35. Bxe5 Qxe5 36. Rf7 Rhf8 37. Nxf6 Qxf6 38. Rxf6+ Rxf6 39. Rf3 Rff8 40. Rh3+ Kg7 41. Rg3 h6 42. h4 Kf6 0-1

[Event "GER-chT Seniors 15th"]
[Site "Bad Blankenburg"]
[Date "2006.09.05"]
[Round "3.2"]
[White "Wiemer, Juergen"]
[Black "Dorawa, Bernhard"]
[Result "0-1"]
[WhiteElo "2097"]
[BlackElo "2096"]
[PlyCount "112"]
[EventDate "2006.09.03"]
[EventType "team-swiss"]
[EventRounds "7"]
[EventCountry "GER"]
[SourceTitle "CBM 114 Extra"]
[Source "ChessBase"]
[SourceDate "2006.11.03"]
[SourceVersion "1"]
[SourceVersionDate "2006.11.03"]
[SourceQuality "1"]

1. e4 c5 2. Nc3 d6 3. g3 g6 4. Bg2 Bg7 5. d3 Nc6 6. Be3 e6 7. Qd2 Rb8 8. Nge2 Nd4 9. Nc1 Ne7 10. Nd1 d5 11. c3 Ndc6 12. Bxc5 dxe4 13. Bxe4 b6 14. Be3 f5 15. Bg2 Ne5 16. Qe2 Ba6 17. c4 N5c6 18. 0-0 0-0 19. Rb1 e5 20. Qd2 Nd4 21. Nc3 Bb7 22. f3 Qd7 23. N1e2 Rbd8 24. Rbd1 Bc6 25. b3 Qb7 26. Bxd4 exd4 27. Nb1 f4 28. Nxf4 Bh6 29. Qe2 Bxf4 30. gxf4 Nf5 31. Nd2 Ne3 32. Rde1 Nxf1 33. Qe6+ Qf7 34. Kxf1 Bd7 35. Bh3 Bxe6 36. Bxe6 Qxe6 37. Rxe6 Rxf4 38. Re7 Rf7 39. Re4 Rff8 40. Ke2 Rfe8 41. b4 Kf7 42. Nb3 g5 43. Kd2 Re6 44. h3 Rxe4 45. dxe4 Ke6 46. Kd3 Ke5 47. a4 h5 48. c5 Kf4 49. c6 Kxf3 50. e5 Kf4 51. e6 g4 52. hxg4 hxg4 53. Nxd4 g3 54. c7 Rc8 55. e7 g2 56. Ne2+ Ke5 0-1

[Event "GER-ch Seniors 18th"]
[Site "Dresden"]
[Date "2006.07.26"]
[Round "5"]
[White "Fels, Karl Heinz"]
[Black "Dorawa, Bernhard"]
[Result "1-0"]
[WhiteElo "1795"]
[BlackElo "1904"]
[PlyCount "55"]
[EventDate "2006.07.22"]
[EventType "swiss"]
[EventRounds "9"]
[EventCountry "GER"]
[SourceTitle "EXT 2022"]
[Source "ChessBase"]
[SourceDate "2021.10.06"]
[SourceVersion "1"]
[SourceVersionDate "2021.10.06"]
[SourceQuality "1"]

1. e4 c5 2. Nf3 d6 3. d4 cxd4 4. Nxd4 Nf6 5. Nc3 a6 6. Bg5 Nbd7 7. f4 Qb6 8. a3 h6 9. Bh4 e5 10. Nf5 exf4 11. Bf2 Qc6 12. Nd4 Qc7 13. Qd2 g5 14. 0-0-0 Ne5 15. h4 Rg8 16. hxg5 hxg5 17. Be2 Bd7 18. g3 fxg3 19. Bxg3 0-0-0 20. Rhf1 Neg4 21. Bxg4 Nxg4 22. Rxf7 Qc4 23. Nd5 Kb8 24. Qa5 Qc8 25. Rd3 Ne5 26. Rc3 Nxf7 27. Rxc8+ Rxc8 28. Nf6 1-0

[Event "Hessen-ch Seniors op 02nd"]
[Site "Bad Sooden-Allendorf"]
[Date "2006.04.29"]
[Round "5"]
[White "Dorawa, Bernhard"]
[Black "Bomert, Egon"]
[Result "1/2-1/2"]
[WhiteElo "1922"]
[BlackElo "2012"]
[PlyCount "120"]
[EventDate "2006.04.25"]
[EventType "swiss"]
[EventRounds "9"]
[EventCountry "GER"]
[SourceTitle "EXT 2007"]
[Source "ChessBase"]
[SourceDate "2006.11.23"]
[SourceVersion "1"]
[SourceVersionDate "2006.11.23"]
[SourceQuality "1"]

1. e4 c5 2. Nc3 g6 3. f4 d6 4. Nf3 a6 5. g3 Bg7 6. Bg2 Nc6 7. 0-0 Nf6 8. d3 0-0 9. Nd5 Nxd5 10. exd5 Nb8 11. c3 Nd7 12. Kh1 Nf6 13. c4 Rb8 14. Bd2 b5 15. Bc3 b4 16. Be1 Ng4 17. Qd2 Re8 18. h3 Nh6 19. d4 Qc7 20. dxc5 dxc5 21. g4 f6 22. Bg3 Nf7 23. Rac1 Nd6 24. Rfe1 Bd7 25. Re2 Rbd8 26. b3 e6 27. Rce1 Nf7 28. dxe6 Bxe6 29. Qc2 Bd7 30. Kh2 Rxe2 31. Rxe2 Qc8 32. Rd2 Bc6 33. Qd1 Rxd2 34. Qxd2 a5 35. Ne1 a4 36. Bxc6 Qxc6 37. Qg2 Qxg2+ 38. Kxg2 axb3 39. axb3 Nd6 40. Nf3 Ne4 41. Be1 Kf7 42. f5 Bf8 43. fxg6+ hxg6 44. Nd2 Ng5 45. Bf2 f5 46. Be3 Ne6 47. Kf3 Bd6 48. h4 Kf6 49. g5+ Ke5 50. Bf2 Be7 51. Be3 Nd4+ 52. Kg3 Ne2+ 53. Kf3 Nd4+ 54. Kg3 Bd6 55. Bf4+ Ke6 56. Bxd6 Kxd6 57. Kf4 Ne2+ 58. Ke3 Nc1 59. Kf4 Ke6 60. Ke3 Ke5 1/2-1/2

[Event "Hessen-ch Seniors op 02nd"]
[Site "Bad Sooden-Allendorf"]
[Date "2006.04.26"]
[Round "2"]
[White "Dorawa, Bernhard"]
[Black "Van Bellen, Hendrik"]
[Result "1-0"]
[WhiteElo "1922"]
[BlackElo "1567"]
[PlyCount "55"]
[EventDate "2006.04.25"]
[EventType "swiss"]
[EventRounds "9"]
[EventCountry "GER"]
[SourceTitle "EXT 2007"]
[Source "ChessBase"]
[SourceDate "2006.11.23"]
[SourceVersion "1"]
[SourceVersionDate "2006.11.23"]
[SourceQuality "1"]

1. e4 d6 2. d4 Nf6 3. Nc3 Nbd7 4. g3 e5 5. Nge2 Be7 6. Bg2 c6 7. 0-0 h6 8. b3 0-0 9. h3 Qc7 10. Be3 Nh7 11. Qd2 Ndf6 12. f4 exf4 13. Nxf4 Bd7 14. Nce2 Rad8 15. c4 Rfe8 16. Nc3 Bf8 17. Rae1 Qc8 18. Kh2 Kh8 19. Nd3 Kg8 20. Qc1 Re7 21. e5 dxe5 22. dxe5 Ne8 23. Bc5 Bf5 24. Bxe7 Rxd3 25. Bxf8 Nxf8 26. Ne4 Ng6 27. Nc5 Rd8 28. Nxb7 1-0

[Event "Hessen-ch Seniors op 02nd"]
[Site "Bad Sooden-Allendorf"]
[Date "2006.04.25"]
[Round "1"]
[White "Scheffer, Ferdinand"]
[Black "Dorawa, Bernhard"]
[Result "1/2-1/2"]
[WhiteElo "1605"]
[BlackElo "1922"]
[PlyCount "72"]
[EventDate "2006.04.25"]
[EventType "swiss"]
[EventRounds "9"]
[EventCountry "GER"]
[SourceTitle "EXT 2007"]
[Source "ChessBase"]
[SourceDate "2006.11.23"]
[SourceVersion "1"]
[SourceVersionDate "2006.11.23"]
[SourceQuality "1"]

1. b3 d5 2. Bb2 Bf5 3. e3 Nd7 4. Nf3 e6 5. Be2 Ngf6 6. 0-0 Bd6 7. d3 0-0 8. Nbd2 c5 9. Re1 Re8 10. Nh4 Bg6 11. g3 Nf8 12. Bf3 h6 13. Nxg6 Nxg6 14. c4 Be5 15. d4 cxd4 16. exd4 Bc7 17. b4 Rb8 18. c5 e5 19. dxe5 Bxe5 20. Bxe5 Nxe5 21. Kg2 Qd7 22. a4 Nxf3 23. Rxe8+ Rxe8 24. Qxf3 Qe6 25. Rb1 Qe2 26. Qxe2 Rxe2 27. Nb3 Kf8 28. Nd4 Rd2 29. Nb5 Ne4 30. Nxa7 Rxf2+ 31. Kg1 Ra2 32. a5 Nd2 33. Rd1 Nf3+ 34. Kf1 Nxh2+ 35. Ke1 Nf3+ 36. Kf1 Nh2+ 1/2-1/2

[Event "EU-chT Seniors 08th"]
[Site "Dresden"]
[Date "2006.02.20"]
[Round "4"]
[White "Dorawa, Bernhard"]
[Black "Schroeder, Christian"]
[Result "1/2-1/2"]
[WhiteElo "2110"]
[BlackElo "2055"]
[PlyCount "69"]
[EventDate "2006.02.17"]
[EventType "team-swiss"]
[EventRounds "8"]
[EventCountry "GER"]
[SourceTitle "CBM 111 Extra"]
[Source "ChessBase"]
[SourceDate "2006.05.09"]
[SourceVersion "1"]
[SourceVersionDate "2006.05.09"]
[SourceQuality "1"]
[WhiteTeam "Sachsen"]
[BlackTeam "Mecklenburg Vorpommern"]
[WhiteTeamCountry "GER"]
[BlackTeamCountry "GER"]

1. e4 c5 2. Nc3 Nc6 3. g3 g6 4. Bg2 Bg7 5. d3 e6 6. Be3 d6 7. f4 Nge7 8. Nf3 Qb6 9. Rb1 d5 10. Bd2 Nd4 11. 0-0 c4 12. Kh1 Nxf3 13. Qxf3 d4 14. Ne2 Qa6 15. dxc4 Qxc4 16. c3 dxc3 17. Bxc3 Bxc3 18. Nxc3 Bd7 19. Rbc1 Qb4 20. Qf2 0-0 21. Rfd1 Rfd8 22. e5 Bc6 23. a3 Qb3 24. Bxc6 Nxc6 25. Rxd8+ Rxd8 26. Re1 Na5 27. Ne4 Nc4 28. Re2 b6 29. Kg2 Rd1 30. g4 Qd3 31. Nf6+ Kg7 32. Ne8+ Kf8 33. Nf6 Kg7 34. Ne8+ Kh8 35. Nf6 1/2-1/2

[Event "EU-chT Seniors 07th"]
[Site "Dresden"]
[Date "2005.02.25"]
[Round "8"]
[White "Shapiro, Yosip"]
[Black "Dorawa, Bernhard"]
[Result "1/2-1/2"]
[WhiteElo "2123"]
[BlackElo "2066"]
[PlyCount "89"]
[EventDate "2005.02.18"]
[EventType "team-swiss"]
[EventRounds "8"]
[EventCountry "GER"]
[SourceTitle "EXT 2006"]
[Source "ChessBase"]
[SourceDate "2005.11.24"]
[SourceVersion "1"]
[SourceVersionDate "2005.11.24"]
[SourceQuality "1"]

1. Nf3 Nf6 2. c4 e6 3. g3 b6 4. Bg2 Bb7 5. 0-0 c5 6. Nc3 Be7 7. d4 cxd4 8. Nb5 a6 9. Nbxd4 0-0 10. Be3 d6 11. h3 Qc7 12. Rc1 Nbd7 13. b4 Be4 14. Nb3 Rfd8 15. Qd4 Rac8 16. Rfd1 e5 17. Qb2 Qb8 18. g4 h6 19. Nbd2 Bb7 20. g5 hxg5 21. Bxg5 Nf8 22. e4 Ne6 23. Bxf6 Bxf6 24. Re1 Nf4 25. Qb3 g6 26. Rcd1 Kg7 27. Nh2 Rh8 28. Re3 Nxg2 29. Kxg2 Bg5 30. Re2 f5 31. Ndf3 Be7 32. exf5 gxf5 33. Rg1 Kf6 34. Kf1 Qc7 35. Qe3 Rcg8 36. Rxg8 Rxg8 37. Qh6+ Rg6 38. Qh8+ Rg7 39. Qh4+ Kf7 40. Qh5+ Kf6 41. Nh4 Bc8 42. Qh6+ Kf7 43. Qh5+ Kf6 44. Qh6+ Kf7 45. Qh5+ 1/2-1/2

[Event "EU-chT Seniors 07th"]
[Site "Dresden"]
[Date "2005.02.19"]
[Round "2"]
[White "MacDonald Ross, Michael"]
[Black "Dorawa, Bernhard"]
[Result "1-0"]
[WhiteElo "2195"]
[BlackElo "2066"]
[PlyCount "79"]
[EventDate "2005.02.18"]
[EventType "team-swiss"]
[EventRounds "8"]
[EventCountry "GER"]
[SourceTitle "EXT 2006"]
[Source "ChessBase"]
[SourceDate "2005.11.24"]
[SourceVersion "1"]
[SourceVersionDate "2005.11.24"]
[SourceQuality "1"]

1. d4 Nf6 2. Nf3 e6 3. e3 b6 4. Bd3 Bb7 5. 0-0 d5 6. b3 Bd6 7. Bb2 Nbd7 8. c4 0-0 9. Nc3 a6 10. Qe2 c5 11. Rfd1 cxd4 12. exd4 Re8 13. Ne5 Qc7 14. f4 Bb4 15. Rac1 Bxc3 16. Bxc3 Qd8 17. Bb2 Ne4 18. c5 Nxe5 19. fxe5 f5 20. exf6 Nxf6 21. c6 Bc8 22. Ba3 Qc7 23. Qe5 Qxe5 24. dxe5 Ne4 25. Bxe4 dxe4 26. Kf2 a5 27. Ke3 Ba6 28. Kxe4 Rac8 29. Ke3 Bb5 30. c7 a4 31. Rd6 axb3 32. axb3 Ra8 33. Rxb6 Bd7 34. Bd6 Ra2 35. Rb8 Bc8 36. Rc4 h6 37. Ra4 Rxa4 38. bxa4 Kf7 39. Kd4 Ba6 40. Kc5 1-0

[Event "Wch Seniors 14th"]
[Site "Halle"]
[Date "2004.11.04"]
[Round "10"]
[White "Wolffram, Gert"]
[Black "Dorawa, Bernhard"]
[Result "1/2-1/2"]
[WhiteElo "1971"]
[BlackElo "2118"]
[PlyCount "29"]
[EventDate "2004.10.24"]
[EventType "swiss"]
[EventRounds "11"]
[EventCountry "GER"]
[SourceTitle "EXT 2005"]
[Source "ChessBase"]
[SourceDate "2004.11.15"]
[SourceVersion "1"]
[SourceVersionDate "2004.11.15"]
[SourceQuality "1"]

1. d4 Nf6 2. Nf3 e6 3. Bg5 Be7 4. e3 b6 5. Bd3 Bb7 6. Nbd2 d5 7. 0-0 0-0 8. Rc1 Ne4 9. Bxe7 Qxe7 10. c4 Nxd2 11. Nxd2 dxc4 12. Bxc4 Nd7 13. Be2 c5 14. Bf3 Bxf3 15. Nxf3 1/2-1/2

[Event "Wch Seniors 14th"]
[Site "Halle"]
[Date "2004.11.02"]
[Round "8"]
[White "Kuehn, Peter1111"]
[Black "Dorawa, Bernhard"]
[Result "1-0"]
[WhiteElo "2002"]
[BlackElo "2118"]
[PlyCount "91"]
[EventDate "2004.10.24"]
[EventType "swiss"]
[EventRounds "11"]
[EventCountry "GER"]
[SourceTitle "EXT 2005"]
[Source "ChessBase"]
[SourceDate "2004.11.15"]
[SourceVersion "1"]
[SourceVersionDate "2004.11.15"]
[SourceQuality "1"]

1. e4 c5 2. Nf3 d6 3. d4 cxd4 4. Nxd4 Nf6 5. Nc3 a6 6. Be2 e6 7. 0-0 Qc7 8. f4 Nc6 9. Be3 Be7 10. Qe1 0-0 11. Kh1 Bd7 12. Rd1 b5 13. a3 Rac8 14. Bf3 Na5 15. Qg3 Nc4 16. Bc1 Nxa3 17. e5 Ne8 18. Be4 f5 19. Nd5 Qd8 20. Nxe7+ Qxe7 21. Bd3 dxe5 22. fxe5 Nc4 23. b3 Nb6 24. Bg5 Qf7 25. Rf4 Nd5 26. Rh4 Qg6 27. c4 bxc4 28. bxc4 Nb4 29. Be2 Qf7 30. Bf4 Bc6 31. Bh5 g6 32. Bh6 Ng7 33. Be2 Rfd8 34. Bg5 Re8 35. Nxc6 Nxc6 36. Rd6 Qb7 37. h3 Qb1+ 38. Kh2 Rc7 39. Bf6 Qc2 40. Bd3 Qc1 41. Be2 a5 42. Bf3 Rec8 43. Bxg7 Kxg7 44. Bxc6 Rxc6 45. Rd7+ Kf8 46. Rhxh7 1-0

[Event "GER-chA Seniors 16th"]
[Site "Templin"]
[Date "2004.09.10"]
[Round "7"]
[White "Schneider, Miloca"]
[Black "Dorawa, Bernhard"]
[Result "1/2-1/2"]
[WhiteElo "1815"]
[BlackElo "1889"]
[PlyCount "81"]
[EventDate "2004.09.04"]
[EventType "swiss"]
[EventRounds "9"]
[EventCountry "GER"]
[SourceTitle "EXT 2005"]
[Source "ChessBase"]
[SourceDate "2004.11.15"]
[SourceVersion "1"]
[SourceVersionDate "2004.11.15"]
[SourceQuality "1"]

1. d4 Nf6 2. c4 e6 3. Nc3 Bb4 4. Qc2 c5 5. e3 Nc6 6. dxc5 Bxc5 7. a3 0-0 8. b4 Be7 9. Nf3 d6 10. Bd3 a6 11. 0-0 Qc7 12. Bb2 Bd7 13. Rac1 h6 14. Qe2 Rac8 15. Ne4 Nxe4 16. Bxe4 a5 17. b5 Nd8 18. a4 f5 19. Bb1 e5 20. e4 b6 21. Ba3 Nb7 22. Nxe5 dxe5 23. Bxe7 Rf7 24. Ba3 Nc5 25. exf5 Bxf5 26. Bxf5 Rxf5 27. Qc2 Rf4 28. g3 Rf3 29. Bxc5 Qxc5 30. Qe2 Rcf8 31. Rcd1 Rc3 32. Rd5 Qxc4 33. Qxe5 Rc1 34. Rxc1 Qxc1+ 35. Kg2 Qa3 36. Qe4 Qa2 37. Qd4 Rxf2+ 38. Qxf2 Qxd5+ 39. Kh3 Qe6+ 40. Kg2 Qe4+ 41. Kh3 1/2-1/2